Veľkoobchodníci zarobili v minulom roku viac
Priemerná nominálna mesačná mzda v januári 2014 oproti tomu istému obdobiu predchádzajúceho roka najviac rástla vo veľkoobchode a v informačných a komunikačných činnostiach. Polepšil si aj maloobchod a služby.
Uložené v:
| Médium: | Kapitola |
|---|---|
| Jazyk: | Slovak |
| Predmet: | |
| Tagy: |
Žiadne tagy, Buďte prvý, kto otaguje tento záznam!
|
MARC
| LEADER | 00000naa a2200000 4500 | ||
|---|---|---|---|
| 001 | 0184616 | ||
| 005 | 20231109070942.3 | ||
| 041 | 0 | |a slo | |
| 044 | |a SK | ||
| 245 | 1 | 0 | |a Veľkoobchodníci zarobili v minulom roku viac |
| 520 | |a Priemerná nominálna mesačná mzda v januári 2014 oproti tomu istému obdobiu predchádzajúceho roka najviac rástla vo veľkoobchode a v informačných a komunikačných činnostiach. Polepšil si aj maloobchod a služby. | ||
| 610 | 2 | 0 | |a veľkoobchod |
| 610 | 2 | 0 | |a maloobchod |
| 610 | 2 | 0 | |a služby |
| 610 | 2 | 0 | |a mzdy mesačné |
| 610 | 2 | 0 | |a mzdy nominálne |
| 610 | 2 | 0 | |a mzdy priemerné |
| 610 | 2 | 0 | |a Slovensko |